000 00251nam a2200097Ia 4500
008 190216s9999||||xx |||||||||||||| ||und||
100 _aLands Berg G S
245 0 _aAdisthana Bhoudikathinu Oru Pada Pusthakam
260 _bKerala Basha Inst
942 _cBK
999 _c37862
_d37862